Statistics for Biggest cities in Slovakia

Click here to take the quiz!

General Stats

  • This quiz has been taken 3,314 times
  • The average score is 8 of 10

Answer Stats

InhabitantsCity% Correct
465 327Bratislava
100%
238 725Košice
93%
84 432Žilina
77%
78 327Banská Bystrica
75%
82 410Nitra
75%
89 475Prešov
75%
61 578Trnava
73%
61 907Trenčín
71%
51 946Poprad
68%
60 220Martin
53%

Score Distribution

Percentile by Number Answered

Percent of People with Each Score

Your Score History

You have not taken this quiz